000 00280nam a22001217a 4500
008 170315b xxu||||| |||| 00| 0 eng d
041 _aeng
080 _a591
100 _a7
101 _aSHM
245 _aTHE DISTRIBUTIION AND ABUNDANCE OF ANIMALS
_cARTHA.HA.C
942 _2udc
_cBK
999 _c7805
_d7805